Cien años, cien fotos : (Record no. 179205)
[ view plain ]
| 000 -LEADER | |
|---|---|
| campo de control de longitud fija | 00842nam a2200205 4500 |
| 001 - NÚMERO DE CONTROL | |
| campo de control | 179205 |
| 003 - IDENTIFICADOR DE NÚMERO DE CONTROL | |
| campo de control | ES-MaACL |
| 005 - FECHA Y HORA DE LA ÚLTIMA TRANSACCIÓN | |
| campo de control | 20250828082419.0 |
| 008 - DATOS DE LONGITUD FIJA--INFORMACIÓN GENERAL | |
| campo de control de longitud fija | 111005s2009 sp aco |||| | spa d |
| 080 ## - NÚMERO DE LA CLASIFICACIÓN DECIMAL UNIVERSAL | |
| Número de la Clasificación Decimal Universal | 373.5(460.183 P.)(091)(060.64) |
| 245 00 - MENCIÓN DEL TÍTULO | |
| Título | Cien años, cien fotos : |
| Resto del título | exposición fotográfica / |
| Mención de responsabilidad, etc. | [texto], María José Santo Tomás. |
| 260 ## - PUBLICACIÓN, DISTRIBUCIÓN, ETC. | |
| Lugar de publicación, distribución, etc. | Palencia : |
| Nombre del editor, distribuidor, etc. | I.E.S. Jorge Manrique, |
| Fecha de publicación, distribución, etc. | [2009] |
| 300 ## - DESCRIPCIÓN FÍSICA | |
| Extensión | 135 p. : |
| Otras características físicas | principalmente fot., retr. ; |
| Dimensiones | 32 cm. |
| 610 24 - PUNTO DE ACCESO ADICIONAL DE MATERIA--NOMBRE DE ENTIDAD CORPORATIVA | |
| Nombre de entidad corporativa o nombre de jurisdicción como elemento de entrada | Instituto de Educación Secundaria Jorge Manrique (Palencia)- |
| Subdivisión de forma | Exposiciones. |
| 9 (RLIN) | 148131 |
| 700 1# - ENTRADA AGREGADA--NOMBRE PERSONAL | |
| Nombre de persona | Santo Tomás Martínez, María José. |
| 9 (RLIN) | 148132 |
| 710 2# - ENTRADA AGREGADA--NOMBRE DE ENTIDAD CORPORATIVA | |
| Nombre de entidad corporativa o nombre de jurisdicción como elemento de entrada | Instituto de Educación Secundaria Jorge Manrique (Palencia) |
| 9 (RLIN) | 148133 |
| 852 ## - LOCALIZACIÓN | |
| Ubicación | ES-MaACL |
| Número de control de estantería | A-11589 |
| itemnumber | 186081 |
| Sublocalización o colección | R.145778 |
| Ubicación en estantería | Depósito 1 |
| Signatura antigua | Olim: N-4594 |
| 942 ## - ELEMENTOS DE ENTRADA SECUNDARIOS (KOHA) | |
| Fuente del sistema de clasificación o colocación | Clasificación decimal universal |
| Tipo de ítem Koha | Libro impreso |
| Estatus retirado | Estado de pérdida | Fuente del sistema de clasificación o colocación | Estado de daño | No para préstamo | Biblioteca de origen | Biblioteca actual | Ubicación en estantería | Fecha de adquisición | Fuente de adquisición | Total de préstamos | Signatura topográfica completa | Código de barras | Visto por última vez | Precio de reemplazo | Tipo de ítem Koha |
|---|---|---|---|---|---|---|---|---|---|---|---|---|---|---|---|
| Clasificación decimal universal | Biblioteca del Ateneo de Madrid | Biblioteca del Ateneo de Madrid | Depósito 1 | 05/10/2011 | Donación | A-11589 | 1188253 | 23/02/2023 | 23/02/2023 | Libro impreso |
